مكتبة جامعة عجلون الوطنية

فهرس بحث المكتبة

Normal view MARC view
  • المراهقون-تعليم. المراهقة-جوانب نفسية-تربية الأطفال

Entry Topical Term

Number of records used in: 1

001 - CONTROL NUMBER

  • control field: 22847

003 - CONTROL NUMBER IDENTIFIER

  • control field: JO-AjAnu

005 - DATE AND TIME OF LATEST TRANSACTION

  • control field: 20230606073933.0

008 - FIXED-LENGTH DATA ELEMENTS

  • fixed length control field: 230606|| aca||aabn | a|a d

040 ## - CATALOGING SOURCE

  • Original cataloging agency: JO-AjAnu
  • Transcribing agency: JO-AjAnu

150 ## - HEADING--TOPICAL TERM

  • Topical term or geographic name entry element: المراهقون-تعليم. المراهقة-جوانب نفسية-تربية الأطفال

670 ## - SOURCE DATA FOUND

  • Source citation: Work cat.: (JO-AjAnu)11743: ريزو.ف،جوزيف مؤلف/زابل.هـ،روبرت م.مشارك/الشخص،عبد العزيز السيد مترجم/السرطاوي،زيدان أحمد مترجم, author 22846, تربية الأطفال و المراهقين المضطربين سلوكيا (النظرية والتطبيق) الجزء الثاني